000
00346nam a2200157Ia 4500
003
OSt
005
20231128042658.0
008
170524s9999 xx 000 0 und d
020
_a
9788126537297
040
_c
IIMT UNIVERSITY
100
_a
POONIAH- PAULRAJ
100
_c
2012
245
0
_a
DATA WAREHOUSING
260
_a
WILEY
942
_2
ddc
_c
02
999
_c
2968
_d
2968